A National study of the aviation mechanics occupation, 1966 /

Bibliographic Details
Corporate Authors: University of California, Los Angeles. Division of Vocational Education, California. Bureau of Industrial Education
Other Authors: Allen, David, 1919-
Format: Book
Language:English
Published: Los Angeles, [publisher not identified] ; 1966]
Subjects:

MARC

Tag First Indicator Second Indicator Subfields
LEADER 00000cam a2200000 4500
001 in00000098857
005 20150926125531.0
008 690502s1966 caua 00000 eng
010 |a  68063494  
035 |a (OCoLC)00003403 
035 |9 AAL3534AM 
040 |a DLC  |c DLC  |d TXA  |d UtOrBLW 
049 |a TXAM  |c [1142777] 
050 0 0 |a TL671.9  |b .N33 
082 0 |a 629.134/6/023 
245 0 2 |a A National study of the aviation mechanics occupation, 1966 /  |c David Allen, principal investigator [and others. 
264 1 |a Los Angeles,  |b [publisher not identified] ;  |c 1966] 
300 |a v, 229 pages :  |b illustrations ;  |c 28 cm. 
336 |a text  |b txt  |2 rdacontent 
337 |a unmediated  |b n  |2 rdamedia 
338 |a volume  |b nc  |2 rdacarrier 
500 |a "The staffs of the Division of Vocational Education, University of California, Los Angeles, and the Bureau of Industrial Education, California State Department of Education, planned, conducted, and coordinated the study." 
650 0 |a Aviation mechanics (Persons) 
700 1 |a Allen, David,  |d 1919- 
710 2 |a University of California, Los Angeles.  |b Division of Vocational Education. 
710 1 |a California.  |b Bureau of Industrial Education. 
740 0 |a Aviation mechanics occupation. 
999 |a MARS 
999 f f |s 6f15591d-f24e-3375-9547-c33431df5a4d  |i 60a23775-cc18-3f39-96ac-eea6a9c74405  |t 0 
952 f f |p ric  |a Texas A&M University  |b Rellis Campus  |c Joint Library Facility  |d Remote Storage  |t 0  |e TL671.9 .N33  |h Library of Congress classification  |i unmediated -- volume  |m A14805547478 
998 f f |a TL671.9 .N33  |t 0  |l Remote Storage